• 首页
  • 本馆介绍
  • 公告通知
  • 最新文献
  • 馆藏检索
  • 电子资源
  • 读者导购
  • 参考咨询
  • 我的图书馆
  • 登录
  • 详细信息显示
  • 放入我的书架
  • 预约/预借图书
  • 作者相关作品
  • 分类相关作品
  • 丛书相关作品
  • 出版社相关作品

书目信息

  • 表格格式
  • 工作单格式
  • 卡片格式
题名:
新闻纪录电影创作淡
    
 
作者: ;文化部电影局电影通讯编辑室 , 中国电影出版社本国电影编辑室 编
分册:  
出版信息: 北京   中国电影出版社  1982
页数: 137页
开本: 20cm
丛书名:
单 册:
中图分类: J952
科图分类:
主题词: 新闻片:纪录片-创作方法 , 创作方法-新闻片:纪录片
电子资源:
ISBN:
000 00857nam0 2200241 45
001 0182000079
005 20060817081447.71
010    @dCNY0.57
091    @aCN@b8061.1804
100    @a19960215d1982 em y0chiy0121 ea
101 0  @achi
102    @aCN@b110000
105    @ay z 000yy
200 10 @a新闻纪录电影创作淡@Axin wen ji lu dian ying chuang zuo dan@f文化部电影局《电影通讯》编辑室,中国电影出版社本国电影编辑室编
210    @a北京@c中国电影出版社@d1982
215    @a137页@d20cm
606    @a新闻片:纪录片-创作方法
606    @a创作方法-新闻片:纪录片
690    @aJ952@v3
711 02 @a文化部电影局电影通讯编辑室@Awen hua bu dian ying ju dian ying tong xun bian ji shi@4编
711 02 @a中国电影出版社本国电影编辑室@Azhong guo dian ying chu ban she ben guo dian ying bian ji shi@4编
801  0 @aCN@bTSSF@c20060817
905    @a10447@dJ952@e137
    
    新闻纪录电影创作淡/文化部电影局《电影通讯》编辑室,中国电影出版社本国电影编辑室编.-北京:中国电影出版社,1982
    137页;20cm
    
    
    ISBN :CNY0.57
    
●
相关链接 在E读中查询图书 在五车中查询图书 在当当中查询图书 在豆瓣中查询图书


正题名:新闻纪录电影创作淡     索取号:J952/137         预约/预借

序号 登录号 条形码 馆藏地/架位号 状态 备注
1 0465972   204659725   密集书库/ [索取号:J952/137] 在馆    
2 0465973   204659734   密集书库/ [索取号:J952/137] 在馆    
唐山师范学院图书馆 欢迎您!
大连网信软件有限公司© 版权所有